00398 aa a2200157 4500008004100000010001400041020001500055020001600070035001300086082001200099100001800111245004300129260004100172260000900213300001800222081021t xxu||||| |||| 00| 0 eng d aENG-84564 a8189000810 c780.00 (hb) aEN-68097 a910.133 aAhmad Hussain aEconomic geography /cby Ahmad Hussain aNew DelhibVishvabharti Publications c2006 avi,380pc23cm